Normal view
MARC view
- Marriage (Islamic law)
Entry Topical Term
001 - CONTROL NUMBER
- control field: 8645
003 - CONTROL NUMBER IDENTIFIER
- control field: OSt
005 - DATE AND TIME OF LATEST TRANSACTION
- control field: 20170530104147.0
008 - FIXED-LENGTH DATA ELEMENTS
- fixed length control field: 170530|| aca||aabn | a|a d
040 ## - CATALOGING SOURCE
- Original cataloging agency: OSt
- Transcribing agency: OSt
150 ## - HEADING--TOPICAL TERM
- Topical term or geographic name entry element: Marriage (Islamic law)
- Geographic subdivision: Wilayah Persekutuan
670 ## - SOURCE DATA FOUND
- Source citation: Work cat.: (OSt)0: Islamic Family Law (Federal Territories) Act 1984 (Act 303) :, 1998

PORTAL AKMAL
E-MEL JKDM
AKMAL2U
G-BAM
u-PUSTAKA